LotR Quotes: Book and Movie | Part 1 - Statistics

General Stats
  • This quiz has been taken 60 times
    19 since last reset
  • The average score is 8 of 16
Answer Stats
Hint Answer % Correct
Book "He would have kept it for his own. And when he returned you would not have known your son." Gandalf
76%
Movie "But he is not so mighty yet that he is above fear. Doubt ever gnaws at him." Gandalf
71%
Movie "Grima! You need not follow him! You were not always as you are now." Theoden
71%
Book "You should not be waking. Eat earth! Dig deep! Drink water! Go to sleep! _______ is talking!" Bombadil
65%
Movie "Away with you. You should not be waking. Eat earth! Dig deep! Drink water! Go to sleep. Away with you." Treebeard
65%
Book "He is not so mighty yet that he is above fear; nay, doubt ever gnaws him." Aragorn
59%
Book "Wormtongue! You need not follow him. I know of no evil you have done to me." Frodo
59%
Movie "Look! The king has got a crown again." Sam
59%
Book "Sleep till the morning light, rest on the pillow! Heed no nightly noise!" Bombadil
53%
Movie "He would have kept it for his own. And when he returned you would not have known your son." Faramir
53%
Book "Look! The king has got a crown again!" Frodo
53%
Movie "Sleep, little Shirelings. Heed no nightly noise. Sleep till morning light." Treebeard
53%
Movie "Caras Galadhon… the heart of Elvendom on earth." Haldir
47%
Book "Here is the heart of Elvendom on earth." Aragorn
35%
Movie "For the world has grown full of peril, and in all lands love is now mingled with grief." Galadriel
24%
Book "The world is indeed full of peril, and in it there are many dark places; but still there is much that is fair, and though in all lands love is now mingled with grief, it grows perhaps the greater." Haldir
6%
No matching quizzes found
Score Distribution
Percent of People with Each Score
Percentile by Number Answered
Your Score History
You have not taken this quiz since the last reset